| Record ID | ia:fiveideasthatcha00ward_0 |
| Source | Internet Archive |
| Download MARC XML | https://archive.org/download/fiveideasthatcha00ward_0/fiveideasthatcha00ward_0_marc.xml |
| Download MARC binary | https://www.archive.org/download/fiveideasthatcha00ward_0/fiveideasthatcha00ward_0_meta.mrc |
LEADER: 00778cam 22002651 4500
001 59006802 /L/r963
003 DLC
005 19961022152651.5
008 730220s1959 nyu 000 0 eng
010 $a 59006802 /L/r963
040 $aDLC$cDLC$dDLC
050 00 $aJC311$b.J24
082 00 $a320.5$219
100 1 $aWard, Barbara,$d1914-
245 10 $aFive ideas that change the world.
250 $a[1st ed.]
260 $aNew York,$bPublished for the University College of Ghana by Norton$c[1959]
300 $a188 p.$c22 cm.
500 $aThe Aggrey-Fraser-Guggisberg lectures.
650 0 $aNationalism.
650 0 $aIndustrialization.
650 0 $aColonies.
650 0 $aCommunism.
650 0 $aInternationalism.
740 01 $aAggrey-Fraser-Guggisberg memorial lectures.